000 00723nam a22002057a 4500
008 090318t xxu||||| |||| 00| 0 eng d
010 _aENG-93223
020 _c75.00
035 _aEN-76756
037 _bDBAD / PUB
040 _adpl
_bEnglish
082 _a628.161
100 _aRajasekar, K.
245 _aWater quality parameters /
_cby K. Rajasekar
260 _c2007
_aPerambalur
_bMercury Printers & Publishers
300 _a45p.
_c20cm (pbk)
500 _aIncludes references
942 _2ddc
_cEN
_mRAJ
_h628.161
999 _c25353
_d25353